Tribhuvan University Central Library

Perspectives in sociology (Record no. 24640)

MARC details
000 -LEADER
fixed length control field 006160000a22002770004500
082 ## - DEWEY DECIMAL CLASSIFICATION NUMBER
Classification number 301
Item number C895p
-- T
020 ## - INTERNATIONAL STANDARD BOOK NUMBER
International Standard Book Number 0-04-445684-0
041 ## - LANGUAGE CODE
Language code of text/sound track or separate title Eng
100 ## - MAIN ENTRY--PERSONAL NAME
Personal name Cuff, E. C.
100 ## - MAIN ENTRY--PERSONAL NAME
Personal name Sharrock, W. W.
100 ## - MAIN ENTRY--PERSONAL NAME
Personal name Francis, D. W.
245 ## - TITLE STATEMENT
Title Perspectives in sociology
250 ## - EDITION STATEMENT
Edition statement 3rd edn.
260 ## - PUBLICATION, DISTRIBUTION, ETC. (IMPRINT)
Place of publication, distribution, etc London
Name of publisher, distributor, etc Unwin Hyman, Great Britain
260 ## - PUBLICATION, DISTRIBUTION, ETC. (IMPRINT)
Date of publication, distribution, etc 1990
300 ## - PHYSICAL DESCRIPTION
Extent xvi, 241p.
518 ## - DATE/TIME AND PLACE OF AN EVENT NOTE
Date/time and place of an event note 20010801
530 ## - ADDITIONAL PHYSICAL FORM AVAILABLE NOTE
Additional physical form available note M
650 ## - SUBJECT ADDED ENTRY--TOPICAL TERM
Topical term or geographic name as entry element Sociology
650 ## - SUBJECT ADDED ENTRY--TOPICAL TERM
Topical term or geographic name as entry element Social sciences
650 ## - SUBJECT ADDED ENTRY--TOPICAL TERM
Topical term or geographic name as entry element Society
650 ## - SUBJECT ADDED ENTRY--TOPICAL TERM
Topical term or geographic name as entry element Conflict
650 ## - SUBJECT ADDED ENTRY--TOPICAL TERM
Topical term or geographic name as entry element Economy
650 ## - SUBJECT ADDED ENTRY--TOPICAL TERM
Topical term or geographic name as entry element Structuralism
942 ## - ADDED ENTRY ELEMENTS (KOHA)
Koha item type General Collections
Holdings
Withdrawn status Lost status Damaged status Not for loan Home library Current library Date acquired Total Checkouts Barcode Date last seen Price effective from
        Tribhuvan University Central Library Tribhuvan University Central Library 06/20/2010   123716 06/20/2010 06/20/2010
        Tribhuvan University Central Library Tribhuvan University Central Library 06/20/2010   86919 06/20/2010 06/20/2010